| 000 | 00658nam a2200169 a 4500 | ||
|---|---|---|---|
| 001 | 000048420 | ||
| 005 | 20201002061135.0 | ||
| 008 | 190314s2017 000 spa d | ||
| 020 | _a9789945590722 | ||
| 040 |
_aDO-SdBNP _bspa _cBNPHU |
||
| 100 |
_aValdés, Julián _974374 |
||
| 245 | 1 | 3 |
_aLa relación naturaleza-cultura como clave hermenéutica de la antropología estructural de Claude Lévi-Strauss / _cJulián Valdés. |
| 260 |
_aSanto Domingo : _bFundación Global Democracia y Desarrollo FUNGLODE, _c2017. |
||
| 300 |
_a247 p. ; _c24 cm. |
||
| 500 | _aIncluye datos biográficos el autor en la solapa de la cubierta | ||
| 500 | _aInventariado, 2019/VM | ||
| 999 |
_c47908 _d47908 |
||